书目信息 |
| 题名: |
体育科学研究
|
|
| 作者: | 薛俊 主编 | |
| 分册: | 1997 | |
| 出版信息: | 北京 人民体育出版社 1997 |
|
| 页数: | 623页 | |
| 开本: | 26cm | |
| 丛书名: | ||
| 单 册: | ||
| 中图分类: | G80-53 | |
| 科图分类: | 39.911083 | |
| 主题词: | 体育理论--文集 | |
| 电子资源: | ||
| ISBN: | 7-5009-1515-2 | |
| 000 | 00579nam0 2200217 45 | |
| 001 | 0198024511 | |
| 005 | 20070725094122.00 | |
| 010 | @a7-5009-1515-2@dCNY98.00 | |
| 100 | @a19980427d1997 kemy0chiy0121 ea | |
| 101 | 0 | @achi |
| 102 | @aCN@b110000 | |
| 105 | @ay z 000yy | |
| 200 | 10 | @a体育科学研究@Ati yu ke xue yan jiu@h1997@f薛俊主编 |
| 210 | @a北京@c人民体育出版社@d1997 | |
| 215 | @a623页@d26cm | |
| 606 | @a体育理论@x文集 | |
| 690 | @aG80-53@v3 | |
| 692 | @a39.911083@v2 | |
| 701 | 0 | @a薛俊@Axue jun@4主编 |
| 801 | 0 | @aCN@bTSSF@c20070725 |
| 905 | @a10447@dG80-53@e293 | |
| 体育科学研究.1997/薛俊主编.-北京:人民体育出版社,1997 |
| 623页;26cm |
| ISBN 7-5009-1515-2:CNY98.00 |
| ● |
| 相关链接 |
|
|
|
|
正题名:体育科学研究
索取号:G80-53/293
 
预约/预借
| 序号 | 登录号 | 条形码 | 馆藏地/架位号 | 状态 | 备注 |
| 1 | 0767404 | 207674042 | 第一样本阅览室/ [索取号:G80-53/293] | 在馆 |